| 000 | 00547nam a22002057a 4500 | ||
|---|---|---|---|
| 999 |
_c6316 _d6316 |
||
| 003 | OSt | ||
| 005 | 20191211143920.0 | ||
| 008 | 150409b xxu||||| |||| 00| 0 eng d | ||
| 020 | _a0471449024 | ||
| 040 | _cDDC | ||
| 082 | _a512.5 ANT 2005. | ||
| 100 |
_aAnton,Howard; Hill, David R. _92693 |
||
| 245 | _aElementary Linear algebra | ||
| 250 | _a8th ed. | ||
| 260 |
_aNew Jersey; _bJohn Wiley and Sons, _c2005. |
||
| 300 |
_axv, 832p; _bcol.ill : _c27 cm. |
||
| 504 | _aincludes index | ||
| 650 |
_aLinear algebra _93634 |
||
| 942 |
_2ddc _cO_SHELF |
||